Normal view MARC view

Entry Topical Term

Number of records used in: 1

001 - CONTROL NUMBER

  • control field: 24364

003 - CONTROL NUMBER IDENTIFIER

  • control field: OSt

005 - DATE AND TIME OF LATEST TRANSACTION

  • control field: 20210630122129.0

008 - FIXED-LENGTH DATA ELEMENTS

  • fixed length control field: 210630|| aca||aabn | a|a d

040 ## - CATALOGING SOURCE

  • Original cataloging agency: OSt
  • Transcribing agency: OSt

150 ## - HEADING--TOPICAL TERM

  • Topical term or geographic name entry element: Occupational welfare, Body rights, Discrimination, Sexual harassment, The regulatory welfare state, women as change agents

670 ## - SOURCE DATA FOUND

  • Source citation: Work cat.: (OSt): Kowalewska, Helen. 24363, • Bringing Women on Board: The Social Policy Implications of Gender Diversity in Top Jobs

Powered by Koha